000 00637nam a2200241Ia 4500
003 OSt
005 20221007071448.0
006 a|||||r|||| 00| 0
007 ta
008 221006b |||||||| |||| 00| 0 eng d
024 _a12,809
037 _cTextual
040 _aFLL
_cFLL
_beng
041 _2eng
_aeng
082 _aV3:2:Z, N5
100 _aTurpin Colin Au.
_9688814
245 0 _aBritish government and the constitution
250 _a3rd
260 _aLondon
_bButterworths London
_c1995
300 _axxxvi,573p
_ccm.
942 _hV3:2:Z, N5
_cTEXL
_2CC
999 _c1143413
_d1143413